| 000 | 00546nam a22001937a 4500 | ||
|---|---|---|---|
| 999 |
_c4823 _d4823 |
||
| 003 | AR-CdUCM | ||
| 008 | 190311b ||||| |||| 00| 0 spa d | ||
| 040 |
_aMUNICIPALIDAD PROVINCIAL DEL CUSCO _cBIBLIOTECA MUNICIPAL DEL CUSCO |
||
| 082 |
_a858.72 / _bL47 |
||
| 100 |
_aLeopardi, Giacomo _96785 |
||
| 245 | _aCantos / | ||
| 260 |
_aBarcelona : _bCarabela, _c1968. |
||
| 300 |
_a51 páginas ; _c22 cm. |
||
| 440 |
_aNudo al alba _n25 _914869 |
||
| 650 |
_aPoesías italianas _96525 |
||
| 650 |
_aSiglo XX _98 |
||
| 942 |
_2ddc _cLIBROS |
||
| 945 | _aafb | ||